00679nam a2200193Ia 4500003000900000008004100009020001800050040001600068080001900084245016100103260003600264300001400300650004100314650002600355650002900381700002800410700002300438700002400461IN-BaIIA211028s9999 xx 000 0 eng d a0-8243-0930-8 cIIA Library a(05)52bANN-31 0aAnnual review of astronomy and astrophysicsbvol. 31cedited by Geoffrey Burbidge, David Layzer and Allan Sandage  aPalo AltobAnnual Reviewsc1993 avi, 787p. aAstronomy and astrophysics thesaurus aAstronomy-Periodicals aAstrophysics-Periodicals aBurbidge, Geoffrey, ed. aLayzer, David, ed. aSandage, Allan, ed.